000 00592cam a22002053a 4500
001 33353
003 PGUSA
005 20140828083724.0
008 100805s2010||||xxu|||||s|||||000 | eng d
040 _aPGUSA
_beng
042 _adc
100 1 _aJenkins, Herbert George,
_d1876-1923
245 1 0 _aPatricia Brent, Spinster
_h[electronic resource] /
_cHerbert George Jenkins
260 _bProject Gutenberg,
_c2010
506 _aPublic domain in the USA.
516 _aElectronic text
830 0 _aProject Gutenberg
_v33353
856 4 0 _uhttp://www.gutenberg.org/ebooks/33353
942 _cEB
999 _c262608
_d262608